|
|
|
|
| LEADER |
02823nam a2200733 i 4500 |
| 001 |
nkc20193071268 |
| 003 |
CZ PrNK |
| 005 |
20190524092708.0 |
| 007 |
ta |
| 008 |
190117s2019 xr a e 000 0dcze |
| 015 |
|
|
|a cnb003071268
|
| 020 |
|
|
|a 978-80-7566-093-0
|q (brožováno)
|
| 035 |
|
|
|a (OCoLC)1104142043
|
| 040 |
|
|
|a ABA001
|b cze
|d BOA001
|e rda
|
| 041 |
1 |
|
|a cze
|h eng
|
| 072 |
|
7 |
|a 27-5
|x Liturgie. Křesťanské umění a symbolika. Duchovní život
|2 Konspekt
|9 5
|
| 080 |
|
|
|a 27-532.2
|2 MRF
|
| 080 |
|
|
|a 27-312.8
|2 MRF
|
| 080 |
|
|
|a 27-4
|2 MRF
|
| 080 |
|
|
|a 316.728
|2 MRF
|
| 080 |
|
|
|a 272-532.3/.4
|2 MRF
|
| 080 |
|
|
|a 2-231
|2 MRF
|
| 080 |
|
|
|a 27-23/-29
|2 MRF
|
| 080 |
|
|
|a (0:82-4)
|2 MRF
|
| 080 |
|
|
|a (0:82-84)
|2 MRF
|
| 100 |
1 |
|
|a Radcliffe, Timothy,
|d 1945-
|7 js20020617009
|4 aut
|
| 240 |
1 |
0 |
|a Stations of the cross.
|l Česky
|
| 245 |
1 |
0 |
|a Křížová cesta :
|b pro věřící i nevěřící /
|c Timothy Radcliffe ; ikony Martin Erspamer ; z anglického originálu Stations of the cross ... přeložil Jiří Gračka
|
| 246 |
1 |
8 |
|a Křížová cesta pro věřící i nevěřící
|
| 264 |
|
1 |
|a V Praze :
|b Karmelitánské nakladatelství,
|c 2019
|
| 300 |
|
|
|a 79 stran :
|b barevné ilustrace ;
|c 18 cm
|
| 336 |
|
|
|a text
|b txt
|2 rdacontent
|
| 337 |
|
|
|a bez média
|b n
|2 rdamedia
|
| 338 |
|
|
|a svazek
|b nc
|2 rdacarrier
|
| 504 |
|
|
|a Obsahuje bibliografii a bibliografické odkazy
|
| 600 |
0 |
7 |
|a Ježíš Kristus
|7 ola2002103454
|2 czenas
|
| 600 |
0 |
9 |
|a Jesus Christ
|2 eczenas
|
| 650 |
0 |
7 |
|a křížová cesta
|7 ph122161
|2 czenas
|
| 650 |
0 |
7 |
|a utrpení Ježíše Krista
|7 ph138457
|2 czenas
|
| 650 |
0 |
7 |
|a ukřižování Ježíše Krista
|7 ph138458
|2 czenas
|
| 650 |
0 |
7 |
|a křesťanský život
|7 ph122132
|2 czenas
|
| 650 |
0 |
7 |
|a každodenní život
|7 ph121555
|x křesťanské pojetí
|2 czenas
|
| 650 |
0 |
7 |
|a katolické pobožnosti
|7 ph121534
|2 czenas
|
| 650 |
0 |
7 |
|a biblické citáty
|7 ph118853
|2 czenas
|
| 650 |
0 |
7 |
|a křesťanská literatura
|7 ph122098
|2 czenas
|
| 650 |
0 |
9 |
|a stations of the Cross
|2 eczenas
|
| 650 |
0 |
9 |
|a passion of Jesus Christ
|2 eczenas
|
| 650 |
0 |
9 |
|a crucifixion of Jesus Christ
|2 eczenas
|
| 650 |
0 |
9 |
|a Christian life
|2 eczenas
|
| 650 |
0 |
9 |
|a everyday life
|x Christian approach
|2 eczenas
|
| 650 |
0 |
9 |
|a Catholic devotions
|2 eczenas
|
| 650 |
0 |
9 |
|a Biblical quotations
|2 eczenas
|
| 650 |
0 |
9 |
|a Christian literature
|2 eczenas
|
| 655 |
|
7 |
|a úvahy
|7 fd134000
|2 czenas
|
| 655 |
|
7 |
|a citáty
|7 fd131832
|2 czenas
|
| 655 |
|
9 |
|a essays
|2 eczenas
|
| 655 |
|
9 |
|a quotations
|2 eczenas
|
| 700 |
1 |
|
|a Erspamer, Martin,
|d 1953-
|7 hka20191031981
|4 ill
|
| 700 |
1 |
|
|a Gračka, Jiří,
|d 1983-
|7 mzk2008448859
|4 trl
|
| 910 |
2 |
|
|a BOA001
|b 1-1426.274
|
| 990 |
|
|
|a BK
|
| 995 |
|
|
|a 01
|
| 991 |
|
|
|b 201904
|c NOV
|
| 996 |
6 |
|
|b 2610779650
|c 1-1426.274
|l MZK
|r Sklad / do 1 hodiny
|n 4
|p p.v.
|w 001719981
|u 000010
|a 1
|e BOA001
|j MZK50
|s P
|